000 01143cam a2200385 4500
001 M1452
008 090401t1993 xxu||||| |||| 00| 0 eng d
035 _a(Sirsi) u32108
041 _aeng
050 _a333.332
090 _aRICS 1993/79A
110 _aRoyal Institution of Chartered Surveyors
_94900
245 _aManual of valuation guidance notes (third edition). Amendments 2 (dated October 1993).
260 _aLondon
_bRICS
_c1993
300 _a1v, (looseleaf) ; 30cm.
350 _a0
520 _aA complete revised copy of the manual, although not all pages are updated.
650 _aGOODWILL
650 _aInsurance
_96249
650 _aLOCAL AUTHORITY ASSETS
650 _aMINERAL VALUATION
650 _aMORTGAGE VALUATIONS
650 _aPLANT AND MACHINERY
650 _aREINSPECTIONS
650 _aREINSTATEMENT COST ASSESSMENT
650 _aRESIDENTIAL PROPERTY
_96266
650 _aREVALUATIONS
650 _aVALUATION GUIDANCE NOTES
650 _aVALUATION SURVEY
650 _aWATER RIGHTS
650 _aWHITE BOOK
690 _aRATING AND VALUATION
942 _n0
948 _c04/03/1997
999 _c89673
_d89673